| 000 | | | 04114nac2a22002891x 450 |
| 001 | | | 8c140130-214f-4214-a2a3-cb2ef5e1878d |
| 005 | | | 20131123004918.0 |
| 100 | ## | $a | 20130529l1907 k y0rusy50 ca |
| 101 | 0# | $a | rus |
| 102 | ## | $a | RU |
| 105 | ## | $a | y z ||||| |
| 122 | 0# | $a | d19070907 |
| 200 | 1# | $a | Письмо Московского предводителя дворянства П. Базилевского председателю Постоянного совета А. А. Бобринскому по вопросу о выборе членов Государственного совета |
| | $j | 7 сентября 1907 |
| 215 | ## | $a | 2 листа |
| 251 | ## | $c | Дело |
| 300 | ## | $a | Напечатано типографским способом |
| 324 | ## | $a | Печатная копия |
| 330 | ## | $a | XII. Материалы по вопросам Государственной думы и Государственного совета и об отношении к Временному правительству /1905-1917/ |
| 461 | #0 | $1 | 001b6db1e6b-efcc-4108-961b-a8f75be6354f |
| | $1 | 2001 |
| | $a | Постоянный совет объединенных дворянских обществ |
| | $1 | 251 |
| | $c | Фонд |
| | $1 | 852 |
| | $j | 434 |
| 462 | #0 | $1 | 001376737bd-14a2-4097-a3d5-a02b2aa0e2d3 |
| | $1 | 2001 |
| | $a | Постоянный совет объединенных дворянских обществ. 1906-1917 гг. |
| | $1 | 251 |
| | $c | Опись |
| | $1 | 852 |
| | $j | 1 |
| 600 | #1 | $a | Базилевский |
| | $b | П. |
| 600 | #1 | $a | Бобринский |
| | $b | А. А. |
| | $g | Алексей Александрович |
| 601 | 02 | $3 | RU\NLR\AUTH\8810165427 |
| | $a | Постоянный совет объединенных дворянских обществ |
| | $c | Петербург |
| 601 | 01 | $3 | RU\NLR\AUTH\889948587 |
| | $a | Россия |
| | $b | Государственный совет |
| 801 | #0 | $a | RU |
| | $b | GA_RF |
| 801 | #1 | $a | RU |
| | $b | НПО Опыт |
| | $c | 20130529 |
| | $2 | rusmarc |
| 801 | #2 | $a | RU |
| | $b | ПБ им. Б.Н. Ельцина |
| | $c | 20131123 |
| | $g | RCR |
| | $2 | rusmarc |
| 852 | ## | $a | ГА РФ |
| | $j | 362 |
| 937 | ## | $d | 41974869 |
| | $h | ПБ |
| 035 | ## | $a | RuPRLIB51005819 |